Statistics for Phoenix Suns All-Time Roster

Click here to take the quiz!

General Stats

  • This quiz has been taken 487 times
  • The average score is 6 of 12

Answer Stats

PostPlayer% Correct
PGSteve Nash
97%
PFCharles Barkley
87%
BNAmar'e Stoudemire
82%
SFShawn Marion
64%
SGKevin Johnson
57%
BNJason Kidd
44%
BNWalter Davis
36%
BNDan Majerle
35%
BNPaul Westphal
27%
CAlvan Adams
22%
BNConnie Hawkins
16%
BNDick Van Arsdale
15%

Score Distribution

Percentile by Number Answered

Percent of People with Each Score

Your Score History

You have not taken this quiz